Statistics for African Countries by Clue

Click here to take the quiz!

General Stats

  • This quiz has been taken 3,948 times
  • The average score is 14 of 15

Answer Stats

ClueCountry% Correct
Tahrir Square, Pyramids, PharaohsEgypt
100%
Apartheid, Nelson Mandela, 2010 World CupSouth Africa
99%
Gaddafi, Leptis Magna, TripoliLibya
96%
Niger Delta Oil, Many princes with email accountsNigeria
96%
Not colonizesd, Addis Ababa, GondarEthiopia
93%
Lemurs, MalagasyMadagascar
93%
Mount Kilimanjaro, Zanzibar, Dar es SalaamTanzania
93%
Pirates, 'failed state'Somalia
92%
Fez hat, Tagines, RiadMorocco
90%
Youngest country, Juba, BandingiloSouth Sudan
90%
Poorest country in the world, ZaireDR of Congo
89%
Tutsis and Hutus, _______ GenocideRwanda
89%
Charles Taylor, Slaves freed in Africa, MonroviaLiberia
87%
Timbuktu, "Jewel of West Africa’s Crown"Mali
84%
Okavanga Delta, Gaborone, MakgadikgadiBotswana
72%

Score Distribution

Percentile by Number Answered

Percent of People with Each Score

Your Score History

You have not taken this quiz